000 00290nam a22001337a 4500
008 170608b xxu||||| |||| 00| 0 eng d
020 _a0321411005
041 _aeng
080 _a327
100 _a18
101 _aSHP
245 _aGOVERNMENT IN AMERICA
_cEDWARDS, G.C
942 _2udc
_cBK
999 _c16387
_d16387